Top 100 Movies - Statistics

General Stats
  • This quiz has been taken 176 times
    114 since last reset
  • The average score is 47 of 100
Answer Stats
# Year Actor Movie % Correct
1 2019 Chris Evans Avengers: Endgame
84%
3 1972 Marlon Brando The Godfather
83%
4 2021 Zendaya Spider-Man: No Way Home
82%
15 1974 Al Pacino The Godfather Part II
80%
21 2012 Jeremy Renner The Avengers
79%
18 1997 Kate Winslet Titanic
78%
16 2018 Josh Brolin Avengers: Infinity War
77%
32 1999 Liam Neeson Star Wars: Episode I: The Phantom Menace
77%
66 2004 Alfred Molina Spider-Man 2
76%
33 2018 Hailee Steinfeld Spider-Man: Into the Spider-Verse
76%
37 1983 Carrie Fisher Star Wars: Episode VI: Return of the Jedi
75%
5 1977 James Earl Jones Star Wars: Episode IV: A New Hope
74%
52 2011 Rupert Grint Harry Potter and the Deathly Hallows Part 2
73%
22 2001 Emma Watson Harry Potter and the Sorcerer's Stone
73%
24 1981 Karen Allen Raiders of the Lost Ark
73%
10 1980 Frank Oz Star Wars: Episode V: Empire Strikes Back
73%
31 2008 Heath Ledger The Dark Knight
73%
65 2010 Gary Oldman Harry Potter and the Deathly Hallows Part 1
72%
92 2005 Achmed Best Star Wars: Episode III: Revenge of the Sith
72%
2 1939 Judy Garland Wizard of Oz
72%
51 2002 Natalie Portman Attack of the Clones
71%
57 2012 Michael Caine The Dark Knight Rises
71%
38 1990 Macauley Cukin Home Alone
70%
49 1989 Sean Connery Indiana Jones and the Last Crusade
70%
95 1984 Harrison Ford Indiana Jones and the Temple of Doom
67%
28 2001 Sean Astin The Lord of the Rings: The Fellowship of the Ring
67%
20 2003 Liv Tyler The Lord of the Rings: The Return of the King
67%
19 1994 Uma Thurman Pulp Fiction
66%
12 1995 Tim Allen Toy Story
64%
97 2017 Gal Gadot Wonder Woman
64%
8 1993 Sam Neill Jurassic Park
62%
14 1994 Morgan Freeman The Shawshank Redemption
62%
78 1992 Arnold Schwarzenegger Terminator 2: Judgement Day
61%
50 2012 Martin Freeman The Hobbit: An Unexpected Journey
60%
40 2002 Andy Serkis The Lord of the Rings: The Two Towers
60%
7 1995 Mel Gibson Braveheart
59%
27 1999 Laurence Fishburne The Matrix
58%
23 1982 Drew Barrymore E.T. the Extra-Terrestrial
57%
53 2012 Josh Hutcherson The Hunger Games
57%
25 1985 Christopher Lloyd Back to the Future
55%
13 1994 Robin Wright Forrest Gump
55%
91 2015 Bryce Dallas Howard Jurassic World
54%
35 1942 Humphrey Bogart Casablanca
53%
83 2014 Jennifer Lawrence The Hunger Games: Mockingjay Part 1
53%
85 2003 Keira Knightley Pirates of the Caribbean: The Curse of the Black Pearl
52%
9 2009 Sigourney Weaver Avatar
51%
6 1993 Ralph Fiennes Schindler's List
51%
84 2001 Paul Walker The Fast and the Furious
51%
39 1966 Clint Eastwood The Good, the Bad and the Ugly
49%
11 1994 Matthew Broderick The Lion King
49%
45 2013 Idina Menzel Frozen
43%
76 1971 Gene Wilder Willy Wonka and the Chocolate Factory
43%
36 1975 Roy Schneider Jaws
42%
44 2000 Tom Hanks Cast Away
40%
70 1964 Julie Andrews Mary Poppins
40%
47 1937 Harry Stockwell Snow White and the Seven Drawfs
40%
68 2012 Daniel Day-Lewis Lincoln
39%
46 1941 Orson Welles Citizen Kane
38%
17 1940 Walt Disney Fantasia
38%
34 1939 George Reeves Gone With the Wind
38%
64 2002 David Carradine Kill Bill Volume 1
38%
54 2013 Jonah Hill Wolf of Wall Street
38%
26 2010 Joseph Gordon-Levitt Inception
37%
71 1996 Will Smith Independence Day
36%
56 1985 Dolph Lundgren Rocky IV
36%
29 2001 Cameron Diaz Shrek
35%
41 2009 Ed Asner Up
35%
94 2004 Hillary Swank Million Dollar Baby
34%
75 2019 Robet De Niro The Irishman
34%
43 2014 Anne Hathaway Interstellar
33%
82 2012 Jaime Foxx Django Unchained
32%
60 1990 Samuel L. Jackson Goodfellas
32%
90 1992 Steve Buscemi Reservoir Dogs
32%
98 1992 Linda Larkin Aladdin
30%
93 2016 Ellen DeGeneres Finding Dory
30%
59 2003 Willem Dafoe Finding Nemo
30%
67 2010 Steve Carell Despicable Me
29%
96 1988 Dustin Hoffman Rain Man
29%
62 1991 Richard White Beauty and the Beast
28%
73 2019 Brian Tyree Henry Joker
28%
42 2010 Michael Keaton Toy Story 3
26%
77 1971 Malcolm McDowell A Clockwork Orange
25%
87 1989 Jodi Benson The Little Mermaid
25%
55 2019 Margot Robbie Once Upon a Time in Hollywood
23%
86 2010 Johnny Depp Alice in Wonderland
20%
88 1993 Denzel Washington Philadelphia
18%
72 2004 Holly Hunter The Incredibles
18%
30 2008 John Ratzenburger Wall-E
18%
58 2015 Bill Hader Inside Out
16%
61 1961 Natlie Wood West Side Story
15%
81 2020 Robert Pattinson Tenet
14%
48 1995 Kevin Bacon Apollo 13
13%
69 1927 Al Jolson The Jazz Singer
13%
74 2006 Scarlett Johansson The Prestige
13%
79 2002 Jennifer Garner Catch Me if You Can
9%
80 2006 Audrey Tautou The Da Vinci Code
9%
99 1980 Cathy Moirarty Raging Bull
7%
63 2014 Jeff Goldblum The Grand Budapest Hotel
7%
89 2009 Anthony Mackie The Hurt Locker
4%
100 2016 Aaron Eckhart Sully
2%
No matching quizzes found
Score Distribution
Percent of People with Each Score
Percentile by Number Answered
Your Score History
You have not taken this quiz since the last reset